MARC

Tag First Indicator Second Indicator Subfields
LEADER 00000cam a2200000 a 4500
001 in00000023897
005 20151007055550.0
008 870930s1987 nyub b 00010ceng
010 |a  87028467  
020 |a 0312016301 :  |c $30.00 (est.) 
035 |a (OCoLC)16869372 
035 |9 AAB8597AM 
040 |a DLC  |c DLC  |d TXA  |d UtOrBLW 
043 |a e-uk-en 
049 |a TXAM  |c [A11505515] 
050 0 0 |a DA685.B65  |b P35 1987 
082 0 |a 920/.042142  |2 19 
100 1 |a Palmer, Alan,  |d 1926- 
245 1 0 |a Who's who in Bloomsbury /  |c Alan & Veronica Palmer. 
264 1 |a New York :  |b St. Martin's Press,  |c 1987. 
300 |a x, 215 pages :  |b map ;  |c 24 cm. 
336 |a text  |b txt  |2 rdacontent 
337 |a unmediated  |b n  |2 rdamedia 
338 |a volume  |b nc  |2 rdacarrier 
504 |a Bibliography: pages [213]-215. 
651 0 |a Bloomsbury (London, England)  |x Biography  |x Dictionaries. 
650 0 |a Bloomsbury group  |x Dictionaries. 
651 0 |a Bloomsbury (London, England)  |x Intellectual life  |y 20th century  |x Dictionaries. 
650 0 |a Intellectuals  |z England  |z London  |x Biography  |x Dictionaries. 
650 0 |a Authors, English  |z England  |z London  |x Biography  |x Dictionaries. 
650 0 |a Artists  |z England  |z London  |x Biography  |x Dictionaries. 
651 0 |a London (England)  |v Biography  |x Dictionaries. 
651 0 |a London (England)  |x Intellectual life  |y 20th century  |x Dictionaries. 
700 1 |a Palmer, Veronica. 
999 |a MARS 
999 f f |s 71574bbc-2533-3416-9468-8d45617b4f09  |i efeb07e2-d3da-3ba2-b490-fc2ecf127a84  |t 0 
952 f f |p ric  |a Texas A&M University  |b Rellis Campus  |c Joint Library Facility  |d Remote Storage  |t 0  |e DA685.B65 P35 1987  |h Library of Congress classification  |i unmediated -- volume  |m A14811505515 
998 f f |a DA685.B65 P35 1987  |t 0  |l Remote Storage